00640 2200229 4500001002100000005001500021007000300036008004100039020001800080035002000098082001000118084001600128100002100144245009800165250001000263260004700273300002600320650001400346700002000360856001400380990001600394INLIS00000000000289120240815120800ta240815 0 ind  a979-20-9222-6 a0010-0421000248 a332.6 a332.6 EKO m0 aEko B.Supriyanto1 aMenjadi Kaya melalui Reksa Dana :bInvestasi dengan Seribu Satu Kemudahan /cEko B.Supriyanto aCet.2 aJakarta :bPT.Elex media komputindo,c2006 axvi, 224 hlm ;c21 cm 4ainvestasi0 aRandy Pangalila aKelas 332 a00000003764